02337nam a2200409Ic 450000100060000000300100000600500170001600700030003300800410003602000180007704000350009504100080013008200220013824501970016025000240035726400450038130000590042633600270048533700330051233800280054549000320057350000210060550400270062650501540065352005940080765000630140165000610146465000460152570000360157170000330160770000450164070000310168570000500171694200120176699900170177895201320179559912CO-BoRNBP20251112140013.0ta161108s2008 sp ao gr 000 0 spa d a9788434219373 aCO-BoRNBPbspaerdacCO-BoRNBP aspa04a731.462bT23t22303aLa talla :bescultura en madera /ctextos Josep Maria Teixidó i Cami, Jacinto Chicharro Santamera ; fotografías Santamera ; ilustración Monserrat baqués, Jordi Segú, Antonio Muñoz. aSéptima edición 1aBarcelona, España :bParramón,c2008 a192 páginas :bilustraciones y fotografías a color atextobtxt2rdacontent asin mediaciónbn2rdamedia avolumenbnc2rdacarrier0 aColección artes y oficios aIncluye glosario aIncluye bibliografía0 aEl entalle de este libro -- Historia -- La madera -- El taller -- El proyecto -- Preparación y siluetado -- La talla -- Los acabados -- Paso a paso aEs un curso completo, un manual práctico y un vademécum sumamente útil, de gran interés, tanto para el que se siente atraído por el tema de la talla, como para quien está aprendiendo, para el más iniciado, que asiste a cursos, o incluso para el profesional. Los primeros encontrarán, tratados de manera exhaustiva, todos los apartados y aspectos que entran en juego en el arte y el oficio de la talla. Para los segundos esta obra reúne, de forma perfectamente ordenada, con un método claro y conciso y con un lenguaje fácil y preciso, todo el corpus de concocimientos07aEscultura en maderaxEstrategia y técnica2armarc96714607aTalla en maderavManuales, vademécum, etc2lemb96714707aTalla en maderaxEnseñanza2lemb967148 aBaqués, Monserrateill967149 aMuñoz, Antonioeill967150 aSantamera, Jacinto Chicharroepht967151 aSegú, Jordi,eill967015 aTeixidó i Camí, Josep Mariad1947-967152 2ddccBK c59912d59912 00102ddc40708GENaMEMAPJGAbMEMAPJGAcAVd2025-11-12l0o731.462 T23tpMPJG01016r2025-11-12 14:01:03tEj.1w2025-11-12yBK